1718 1752 1947 1553 1038 1624 1543 1181 1675 1802 1572 1257 1804 1845 1561 1203 1507 1831 1906 1128 1889 1888 1236 1569 1321 1542 1777 1233 1099 1012 1315 1941 1171 1276 1154 1020 1157 1474 1978 1305 1414 1191 1648 1771 1502 1407 2000 1641 1118 1247 1322 1315 1175 1874 1832 1451 1025 1437 1067 1420 1992 1387 1175 1161 1945 1567 1676 1746 1671 1004 1798 1750 1098 1497 1395 1735 1745 1378 1150 1214 1949 1362 1663 1476 1728 1838 1937 1349 1774 1201 1763 1556 1058 1428 1474 1304 1424 1046 1775 BCNSPRNW ULIB Ver.6.0+V

เปลี่ยนเป็นภาษาไทย

Change to English
 แสดงรายละเอียดบรรณานุกรม
  กลับหน้าหลัก

Brief Record : Get Marc (ISO 2709) : E-mail record : QR code < ปิดหน้าต่าง
LEADER : 00000nam 2200000uu 4500
001    13399125489
003     ULIB
008    170614s2559||||th 000 0 tha d
020    ^a9786163142177
060 04 ^aWB105^bว617ก
100 0  ^aวินชนะ ศรีวิไลทนต์, บรรณาธิการ
245 00 ^aการดูแลรักษาภาวะช็อกในห้องฉุกเฉิน =^bComprehensive Shock Resuscitation in Emergency Department /^cวินชนะ ศรีวิไลทนต์, บรรณาธิการ
250    ^aพิมพ์ครั้งที่ 1 (ราคา 300 บาท)
260    ^aปทุมธานี :^bโรงพิมพ์มหาวิทยาลัยธรรมศาสตร์ศูนย์รังสิต,^c2559
300    ^a159 หน้า :^bภาพประกอบ ; ตาราง ;^c29 ซม.
505 0  ^aบทที่ 1 ภาวะช็อกในห้องฉุกเฉิน
505 0  ^aบทที่ 2 ภาวะช็อกในผู้ป่วยที่ได้รับอุบัติเหตุ
505 0  ^aบทที่ 3 ภาวะช็อกจากการเสียเลือดหรือขาดสารน้ำ
505 0  ^aบทที่ 4 ภาวะช็อกจากการอุดกั้น
505 0  ^aบทที่ 5 ภาวะช็อกจากการกระจายของเลือด
505 0  ^aบทที่ 6 ภาวะช็อกจากหัวใจ
505 0  ^aบทที่ 7 การทำอัลตราซาวน์เพื่อช่วยในการประเมินภาวะช็อก
650  7 ^aเวชศาสตร์ฉุกเฉิน
650  7 ^aภาวะช็อก
945    ^p300^l0^i25177
945    ^p300^l0^i25232
999    ^aกัณชพร
รายการนี้ยังไม่มีแท็ก
คุณยังไม่ได้ล็อกอิน คุณสามารถมีกิจกรรมร่วมกับเว็บไซต์ได้ แต่ต้องล็อกอินก่อน ::
  ล็อกอิน

รายการสื่อสารสนเทศ

ลำดับที่ ประเภท เลขเรียก/บาร์โค้ด สถานที่ สถานะ
1. หนังสือสำรอง
หนังสือสำรอง
สถานะ=หนังสือเก่า
WB105 ว617ก ฉ.1 
  Barcode: 25177
ห้องสมุดวิทยาเขตนครสวรรค์
►ส่วนจัดเก็บหนังสือเก่า นว.
บนชั้น
  ขอยืม
2. วิทยาศาสตร์การแพทย์ และสุขภาพ
วิทยาศาสตร์การแพทย์ และสุขภาพ
สถานะ=หนังสือเก่า
WB105 ว617ก ฉ.2 
  Barcode: 25232
ห้องสมุดวิทยาเขตนครสวรรค์
►ส่วนจัดเก็บหนังสือเก่า นว.
บนชั้น
  ขอยืม

รายการใกล้เคียง
    ผู้แต่ง [วินชนะ ศรีวิไลทนต์, บรรณาธิการ]

    หัวเรื่อง [เวชศาสตร์ฉุกเฉิน]
    หัวเรื่อง [ภาวะช็อก]

BibComment


ยังไม่เคยถูกคอมเมนท์

คอมเมนท์ทรัพยากรรายการนี้
  คอมเมนท์: การดูแลรักษาภาวะ..


 Copyright 2026. Bcnsprnw @Library